[Event "45th Olympiad 2024"]
[Site "Budapest HUN"]
[Date "2024.09.18"]
[Round "7.47"]
[White "Mizzi, Jack"]
[Black "Croad, Nicolas"]
[Result "1/2-1/2"]
[WhiteElo "2053"]
[BlackElo "2195"]
[TimeControl "40/5400+30:1800+30\""]
[EventDate "2024.09.11"]
[Board "3"]
[WhiteFideId "5602521"]
[BlackFideId "4300793"]
[WhiteTeam "Malta"]
[BlackTeam "New Zealand"]

1. d4 Nf6 2. c4 e6 3. g3 Bb4+ 4. Nd2 c5 5. a3 Bxd2+ 6. Qxd2 cxd4 7. Nf3 O-O
8. Bg2 d5 9. cxd5 Qxd5 10. Qxd4 Nc6 11. Qxd5 Nxd5 12. b4 Bd7 13. O-O Rac8
14. Bd2 Rfd8 15. Rfc1 h6 16. b5 Nce7 17. e4 Nf6 18. Ba5 Rxc1+ 19. Rxc1 Rc8
20. Rxc8+ Nxc8 21. Nd4 e5 22. Nf3 Bxb5 23. Nxe5 Nd6 24. f3 Nd7 25. Nxd7
Bxd7 26. Bb4 Nb5 27. Bf1 b6 28. Kf2 Nd4 29. Bc4 Be6 30. Bd3 f6 31. Ke3 Nc6
32. Bd6 Ne5 33. Bb8 Nxd3 34. Kxd3 a6 35. Kd4 Kf7 36. Bc7 b5 37. f4 f5 38.
exf5 Bxf5 39. Ke5 g6 40. Ba5 h5 41. Bb4 Bh3 42. Ba5 Bf5 43. Bb4 Bh3 44. Ba5
1/2-1/2

[Event "45th Olympiad 2024"]
[Site "Budapest HUN"]
[Date "2024.09.18"]
[Round "7.47"]
[White "Gong, Daniel Hanwen"]
[Black "Zerafa, Patrick"]
[Result "1/2-1/2"]
[WhiteElo "2240"]
[BlackElo "1986"]
[TimeControl "40/5400+30:1800+30\""]
[EventDate "2024.09.11"]
[Board "4"]
[WhiteFideId "4303962"]
[BlackFideId "5600375"]
[WhiteTeam "New Zealand"]
[BlackTeam "Malta"]

1. d4 Nf6 2. c4 g6 3. Nc3 Bg7 4. e4 d6 5. h3 e5 6. dxe5 dxe5 7. Qxd8+ Kxd8
8. Be3 c6 9. Nf3 Nbd7 10. O-O-O Ke7 11. g4 Re8 12. Nxe5 Nxe4 13. Nxd7 Nxc3
14. Bc5+ Kd8 15. bxc3 Bxd7 16. Kb2 b6 17. Be3 Kc7 18. g5 Rad8 19. Be2 Be6
20. h4 Rxd1 21. Rxd1 Rd8 22. Bd4 Bf8 23. h5 Bd6 24. Bf6 Rd7 25. hxg6 hxg6
26. a4 Bc5 27. Bd4 Be7 28. Rg1 c5 29. Be3 Bd6 30. Ra1 a5 31. Rh1 Rd8 32.
Kb3 Be5 33. Bf3 Rd3 34. Rc1 Rd8 35. Rh1 Rd3 36. Rc1 Rd8 37. Rh1 Rd3 1/2-1/2

[Event "45th Olympiad 2024"]
[Site "Budapest HUN"]
[Date "2024.09.18"]
[Round "7.48"]
[White "Barrish, Daniel"]
[Black "Alho, Diogo"]
[Result "1-0"]
[WhiteElo "2281"]
[BlackElo "2192"]
[TimeControl "40/5400+30:1800+30\""]
[EventDate "2024.09.11"]
[Board "1"]
[WhiteFideId "14304600"]
[BlackFideId "1901559"]
[WhiteTeam "South Africa"]
[BlackTeam "Cape Verde"]

1. d4 Nf6 2. c4 e6 3. Nc3 Bb4 4. Qc2 d5 5. a3 Bxc3+ 6. Qxc3 O-O 7. Nf3 dxc4
8. Qxc4 c6 9. g3 Qd5 10. Qc2 Nbd7 11. Bg2 e5 12. dxe5 Nxe5 13. O-O Nxf3+
14. Bxf3 Bf5 15. Bxd5 Bxc2 16. Bg2 Rfe8 17. Re1 a5 18. f3 Rad8 19. e4 a4
20. Be3 h6 21. Rac1 Bb3 22. Bf1 Nd7 23. Rc3 Ne5 24. Bc1 b5 25. f4 Nc4 26.
Kf2 f6 27. h4 Rd6 28. h5 Na5 29. Bg2 Nc4 30. Bf3 Red8 31. Bg4 Re8 32. Bf5
Na5 33. Rc5 Bf7 34. e5 Rd5 35. Rxd5 Bxd5 36. Bd7 Re7 37. e6 Nb7 38. f5 Nc5
39. Bf4 Nxd7 40. Bd6 Ne5 41. Rxe5 fxe5 42. Bxe7 Bb3 43. g4 Bd1 44. Kg3 e4
45. Bc5 Be2 46. Kh4 Bc4 47. g5 hxg5+ 48. Kxg5 Kh7 49. Be3 Bb3 50. h6 gxh6+
51. Kf6 Kg8 52. Ke7 1-0

[Event "45th Olympiad 2024"]
[Site "Budapest HUN"]
[Date "2024.09.18"]
[Round "7.48"]
[White "Mirulla, David"]
[Black "Karsten, Jan"]
[Result "0-1"]
[WhiteElo "1904"]
[BlackElo "2311"]
[TimeControl "40/5400+30:1800+30\""]
[EventDate "2024.09.11"]
[Board "2"]
[WhiteFideId "2830235"]
[BlackFideId "14350653"]
[WhiteTeam "Cape Verde"]
[BlackTeam "South Africa"]

1. e4 c5 2. Nf3 d6 3. d4 cxd4 4. Nxd4 Nf6 5. Nc3 a6 6. h3 e5 7. Nde2 h5 8.
g3 Be7 9. Bg2 b5 10. Bg5 Be6 11. Bxf6 Bxf6 12. Nd5 Nd7 13. O-O O-O 14. Qd2
Bg5 15. f4 Bh6 16. Qd3 Rc8 17. Nec3 b4 18. Na4 Bxd5 19. exd5 exf4 20. gxf4
Qa5 21. b3 Nc5 22. Nxc5 Qxc5+ 23. Kh1 Qxc2 24. Be4 Qxd3 25. Bxd3 Rc3 26.
Bxa6 Re8 27. Rfe1 Ree3 28. Rxe3 Rxe3 29. Rc1 Rxh3+ 30. Kg2 Rh2+ 31. Kf3
Rxa2 32. Rc6 h4 33. Bf1 Rb2 34. Rc8+ Kh7 35. Bd3+ g6 36. Bc2 Bg7 37. f5 h3
38. fxg6+ fxg6 39. Kg3 h2 40. Be4 Be5+ 41. Kg4 Rxb3 42. Rc1 Rg3+ 43. Kh4
Kh6 44. Bxg6 Rg1 0-1

[Event "45th Olympiad 2024"]
[Site "Budapest HUN"]
[Date "2024.09.18"]
[Round "7.48"]
[White "Levitan, Caleb Levi"]
[Black "Vaz, Jose Carlos"]
[Result "1-0"]
[WhiteElo "2193"]
[BlackElo "1909"]
[TimeControl "40/5400+30:1800+30\""]
[EventDate "2024.09.11"]
[Board "3"]
[WhiteFideId "14332620"]
[BlackFideId "23601710"]
[WhiteTeam "South Africa"]
[BlackTeam "Cape Verde"]

1. e4 c5 2. Nf3 Nc6 3. Nc3 e6 4. d4 cxd4 5. Nxd4 Nf6 6. a3 Be7 7. Be3 a6 8.
Be2 O-O 9. O-O d5 10. exd5 Nxd5 11. Nxd5 exd5 12. Qd2 Ne5 13. Bf4 Nc4 14.
Qc3 Bd6 15. Bxd6 Nxd6 16. Bf3 Ne4 17. Qd3 Ng5 18. Rad1 Qd6 19. Rfe1 Bd7 20.
h4 Nxf3+ 21. Nxf3 Bc6 22. Ng5 g6 23. Qd4 Qd8 24. Re3 h6 25. Nf3 Re8 26. Ne5
h5 27. Rde1 Re6 28. Qf4 Be8 29. Nxf7 Rxe3 30. Nh6+ Kg7 31. Rxe3 Rc8 32. Rg3
Qf6 33. Nf5+ Kg8 34. Qf3 Kh7 35. Ne3 Qxf3 36. Rxf3 d4 37. Nd1 Bb5 38. Rf4
Rd8 39. f3 d3 40. cxd3 Rxd3 41. Nc3 Bc6 42. Rf7+ Kg8 43. Re7 Kf8 44. Re2
Rd4 45. Ne4 Bb5 46. Rd2 Rc4 47. Kf2 Bc6 48. Ke3 Ke7 49. g3 Rc1 50. Kf4 Rf1
51. Re2 Kf8 52. Re3 Rc1 53. b4 Kg7 54. Ke5 Rd1 55. Kf4 Rd4 56. Rc3 Rd1 57.
Nc5 Rd6 58. Ke5 Rf6 59. Ne6+ Kf7 60. Nd8+ Ke7 61. Nxc6+ bxc6 62. Kd4 Kd6
63. f4 Re6 64. Re3 Rxe3 65. Kxe3 Kd5 66. f5 gxf5 67. Kf4 a5 68. bxa5 c5 69.
a6 Kc6 1-0

[Event "45th Olympiad 2024"]
[Site "Budapest HUN"]
[Date "2024.09.18"]
[Round "7.48"]
[White "Barros, Luis"]
[Black "Mhango, Banele"]
[Result "0-1"]
[WhiteElo "1814"]
[BlackElo "2261"]
[TimeControl "40/5400+30:1800+30\""]
[EventDate "2024.09.11"]
[Board "4"]
[WhiteFideId "23600110"]
[BlackFideId "14327040"]
[WhiteTeam "Cape Verde"]
[BlackTeam "South Africa"]

1. e4 e5 2. Nf3 Nc6 3. d4 exd4 4. Nxd4 Qh4 5. Nc3 Bb4 6. Nb5 Ba5 7. Bc4
Qxe4+ 8. Qe2 Qxe2+ 9. Kxe2 a6 10. Na3 b5 11. Ncxb5 axb5 12. Nxb5 Nf6 13.
Bf4 Ba6 14. a4 O-O 15. Rhd1 Rfe8+ 16. Kf1 Re4 17. Bxc7 Rxc4 18. Bxa5 Nxa5
19. c3 Rxa4 20. c4 Rxa1 21. Rxa1 Bxb5 22. cxb5 Nd5 23. b6 Nxb6 24. Ke2 Nac4
25. Rb1 Ra2 26. Kd3 Rxb2 27. Re1 g5 28. f3 Rxg2 29. Ke4 Rd2 30. Kf5 h6 31.
h4 Kg7 32. hxg5 Rd5+ 33. Kg4 Ne5+ 34. Kg3 hxg5 35. Rh1 Rd3 36. Kg2 Rd2+ 37.
Kg3 f5 38. Rg1 Nd5 39. f4 Nxf4 40. Rh1 Rg2# 0-1

[Event "45th Olympiad 2024"]
[Site "Budapest HUN"]
[Date "2024.09.18"]
[Round "7.49"]
[White "Arab, Adlane"]
[Black "Michaelides, Konstantinos"]
[Result "1-0"]
[WhiteElo "2477"]
[BlackElo "2297"]
[TimeControl "40/5400+30:1800+30\""]
[EventDate "2024.09.11"]
[Board "1"]
[WhiteFideId "7900872"]
[BlackFideId "5901871"]
[WhiteTeam "Algeria"]
[BlackTeam "Cyprus"]

1. d4 Nf6 2. c4 e6 3. Nf3 Bb4+ 4. Bd2 Qe7 5. g3 Nc6 6. Nc3 Bxc3 7. Bxc3 Ne4
8. Rc1 O-O 9. Bg2 d6 10. d5 Nd8 11. O-O f5 12. Nd2 Nxc3 13. Rxc3 e5 14. c5
Nf7 15. cxd6 cxd6 16. Qb3 b6 17. Qa3 Bb7 18. Rfc1 Rfc8 19. e4 Rxc3 20. Rxc3
fxe4 21. Nxe4 Kh8 22. Qb3 Rc8 23. Rxc8+ Bxc8 24. Qc4 Bb7 25. Bh3 h6 26. Bf5
Ng5 27. Nxg5 Qxg5 28. Be6 Qd8 29. h4 g6 30. b4 h5 31. b5 Kg7 32. Qc3 Kh6
33. Qa3 Qb8 34. Qe3+ Kg7 35. Qg5 Qf8 36. Qc1 Qd8 37. a4 Qe7 38. Qc3 a5 39.
Qe3 Qd8 40. Kh2 Kh7 41. Qc3 Kh6 42. Kh3 Kh7 43. f4 exf4 44. gxf4 Qh8 45.
Qf3 Qf6 46. f5 Kg7 47. Qd3 Qa1 48. Qe3 Qf6 49. Qf3 Kf8 50. Qg3 Qa1 51.
Qxd6+ Kg7 52. Qe7+ Kh6 53. Qg5+ 1-0

[Event "45th Olympiad 2024"]
[Site "Budapest HUN"]
[Date "2024.09.18"]
[Round "7.49"]
[White "Isaakidis, Alexandros"]
[Black "Djabri, Massinas"]
[Result "1-0"]
[WhiteElo "2155"]
[BlackElo "2280"]
[TimeControl "40/5400+30:1800+30\""]
[EventDate "2024.09.11"]
[Board "2"]
[WhiteFideId "5903076"]
[BlackFideId "7905726"]
[WhiteTeam "Cyprus"]
[BlackTeam "Algeria"]

1. e4 c5 2. Nf3 d6 3. Nc3 Nf6 4. e5 dxe5 5. Nxe5 Nbd7 6. d4 e6 7. Bb5 a6 8.
Bxd7+ Nxd7 9. Qf3 Qf6 10. Bf4 Qf5 11. Ne4 Nxe5 12. dxe5 Bd7 13. O-O-O Bc6
14. Rhe1 Be7 15. Qe3 O-O 16. Nd6 Qg6 17. Qxc5 Rac8 18. Rd2 Ba4 19. Qxc8
Rxc8 20. Nxc8 Kf8 21. Nxe7 Kxe7 22. f3 Qf5 23. Bg3 g5 24. Bf2 f6 25. exf6+
Qxf6 26. Bd4 Qf5 27. Rde2 Bd7 28. Kb1 h6 29. h3 Kf7 30. b3 Qd5 31. Re4 Qf5
32. h4 Kg6 33. hxg5 hxg5 34. Rg4 Kf7 35. Re5 Qh7 36. Rexg5 Qh1+ 37. Kb2 e5
38. Rg7+ Kf6 39. R4g6+ Kf5 40. Be3 1-0

[Event "45th Olympiad 2024"]
[Site "Budapest HUN"]
[Date "2024.09.18"]
[Round "7.49"]
[White "Brahami, Lamine"]
[Black "Antoniou, Rafail"]
[Result "1/2-1/2"]
[WhiteElo "2188"]
[BlackElo "2007"]
[TimeControl "40/5400+30:1800+30\""]
[EventDate "2024.09.11"]
[Board "3"]
[WhiteFideId "7905637"]
[BlackFideId "5904390"]
[WhiteTeam "Algeria"]
[BlackTeam "Cyprus"]

1. d4 Nf6 2. c4 c5 3. d5 b5 4. cxb5 a6 5. b6 Qxb6 6. Nc3 e6 7. e4 exd5 8.
exd5 d6 9. Bd3 Be7 10. Nf3 O-O 11. Nd2 Nbd7 12. Nc4 Qc7 13. O-O Bb7 14. Re1
Rfe8 15. Bf4 Bf8 16. Qf3 Nb6 17. Ne3 c4 18. Bc2 Qc5 19. Red1 Nbd7 20. Nf5
Ne5 21. Qh3 Nd3 22. Bxd3 cxd3 23. Qxd3 Nxd5 24. Nxd5 Bxd5 25. Rac1 Qa5 26.
b4 Qxa2 27. Rd2 Qc4 28. Qxc4 Bxc4 29. Nxd6 Bxd6 30. Bxd6 Rac8 31. h4 h5 32.
f3 Be6 33. Ra1 Rc6 34. Bc5 Rb8 35. Kf2 Kh7 36. Rd3 Re8 37. Rd4 Bb3 38. Ra3
Be6 39. Ra5 Rb8 40. Ra1 Rb5 41. Rd6 Rxd6 42. Bxd6 Rb6 43. Bc5 Rc6 44. Ke3
Bc4 45. Rc1 Re6+ 46. Kf4 Rf6+ 47. Kg3 Bd5 48. Bd4 Rc6 49. Bc5 Bb3 50. Rc3
Be6 51. Kf4 f6 52. Rc1 Kg6 53. g4 hxg4 54. fxg4 Kf7 55. h5 Rc8 56. Ra1 Bc4
57. Rc1 Be6 58. Ra1 1/2-1/2

[Event "45th Olympiad 2024"]
[Site "Budapest HUN"]
[Date "2024.09.18"]
[Round "7.49"]
[White "Savva, Panikos"]
[Black "Boulrens, Ala Eddine"]
[Result "0-1"]
[WhiteElo "1973"]
[BlackElo "2137"]
[TimeControl "40/5400+30:1800+30\""]
[EventDate "2024.09.11"]
[Board "4"]
[WhiteFideId "5900077"]
[BlackFideId "7907559"]
[WhiteTeam "Cyprus"]
[BlackTeam "Algeria"]

1. Nf3 Nf6 2. c4 g6 3. Nc3 c5 4. e3 Nc6 5. d4 cxd4 6. exd4 d5 7. cxd5 Nxd5
8. Qb3 Nxc3 9. bxc3 Bg7 10. Be2 O-O 11. O-O Qc7 12. Be3 Be6 13. Qa3 Na5 14.
Nd2 Rfd8 15. Rac1 Rac8 16. Rfe1 a6 17. h3 b5 18. Nb3 Nc4 19. Bxc4 Bxc4 20.
Bg5 Bf6 21. Bxf6 exf6 22. Qxa6 Qf4 23. Nc5 Ra8 24. Qb6 Rdb8 25. Qc6 Rxa2
26. Qf3 Qxf3 27. gxf3 Rba8 28. Nd7 R8a6 29. Nc5 R6a3 30. Nd7 Kg7 31. Nb6
Be2 32. d5 Rd2 33. Kg2 b4 34. cxb4 Bxf3+ 35. Kg1 Bxd5 36. Nxd5 Rxd5 37. Re3
Rxe3 38. fxe3 Rd3 39. Kf2 Rb3 40. Rc4 f5 41. h4 f6 42. Rc7+ Kh6 43. Rb7 g5
44. h5 Kxh5 45. Rxh7+ Kg4 46. Rf7 Rb2+ 47. Kg1 Kg3 48. Kf1 Kf3 49. Kg1 g4
0-1

[Event "45th Olympiad 2024"]
[Site "Budapest HUN"]
[Date "2024.09.18"]
[Round "7.50"]
[White "Mandizha, Farai"]
[Black "Almedina Ortiz, Edgardo J."]
[Result "1-0"]
[WhiteElo "2371"]
[BlackElo "2196"]
[TimeControl "40/5400+30:1800_30\""]
[EventDate "2024.09.11"]
[Board "1"]
[WhiteFideId "11000430"]
[BlackFideId "3100197"]
[WhiteTeam "Zimbabwe"]
[BlackTeam "Puerto Rico"]

1. d4 d5 2. c4 e6 3. Nf3 a6 4. cxd5 exd5 5. Nc3 c6 6. e4 dxe4 7. Ng5 Be7 8.
Bc4 Nh6 9. Ngxe4 Nf5 10. d5 O-O 11. O-O Nd6 12. Nxd6 Bxd6 13. Qh5 cxd5 14.
Nxd5 Nc6 15. Bg5 Qa5 16. Rfd1 Ne5 17. Nf6+ gxf6 18. Bxf6 Nf3+ 19. Qxf3 Qf5
20. Rd5 Qxf3 21. Rg5# 1-0

[Event "45th Olympiad 2024"]
[Site "Budapest HUN"]
[Date "2024.09.18"]
[Round "7.50"]
[White "Rodriguez Santiago, Jaime"]
[Black "Makoto, Rodwell"]
[Result "0-1"]
[WhiteElo "2002"]
[BlackElo "2311"]
[TimeControl "40/5400+30:1800_30\""]
[EventDate "2024.09.11"]
[Board "2"]
[WhiteFideId "3100898"]
[BlackFideId "11000120"]
[WhiteTeam "Puerto Rico"]
[BlackTeam "Zimbabwe"]

1. d4 Nf6 2. c4 g6 3. Nc3 Bg7 4. e4 d6 5. Nf3 O-O 6. Be2 e5 7. Be3 Nbd7 8.
d5 Ng4 9. Bg5 f6 10. Bh4 Nh6 11. h3 g5 12. Bg3 f5 13. Qd2 f4 14. Bh2 a5 15.
g4 Nc5 16. Qc2 c6 17. Rd1 cxd5 18. Rxd5 Nf7 19. Nb5 Qb6 20. Kf1 Bd7 21. Nc3
Ne6 22. Rd2 Rfc8 23. Kg2 Nd4 24. Nxd4 exd4 25. Nd5 Qd8 26. f3 Be6 27. Bg1
Bxd5 28. exd5 Qb6 29. Bd3 h6 30. Bf5 Rc7 31. Be6 Qb4 32. b3 Qc3 33. Qd1 a4
34. Bf2 axb3 35. axb3 Ra3 36. Rd3 Qb2 37. Rf1 b5 38. cxb5 Rc2 39. Qe1 Re2
0-1

[Event "45th Olympiad 2024"]
[Site "Budapest HUN"]
[Date "2024.09.18"]
[Round "7.50"]
[White "Mwadzura, Roy"]
[Black "Boggiano Pereira, Miguel A."]
[Result "1-0"]
[WhiteElo "2229"]
[BlackElo "2015"]
[TimeControl "40/5400+30:1800_30\""]
[EventDate "2024.09.11"]
[Board "3"]
[WhiteFideId "11004436"]
[BlackFideId "3102750"]
[WhiteTeam "Zimbabwe"]
[BlackTeam "Puerto Rico"]

1. e4 c5 2. Nf3 d6 3. c3 Nf6 4. h3 g6 5. Qc2 Bg7 6. Bc4 O-O 7. d3 d5 8.
exd5 Nxd5 9. Qe2 Nc6 10. O-O a6 11. Rd1 b5 12. Bb3 Bb7 13. Be3 Nxe3 14.
Qxe3 Rc8 15. Nbd2 Na5 16. Bc2 b4 17. Ne4 bxc3 18. bxc3 Qc7 19. Rac1 Bd5 20.
d4 cxd4 21. cxd4 Nc4 22. Qg5 Qd8 23. Bb1 e6 24. Qf4 Qe7 25. Nc3 Bxf3 26.
Qxf3 Qa3 27. Ne2 Qxf3 28. gxf3 Bh6 29. f4 Nb6 30. Bd3 Nd5 31. Bxa6 Ra8 32.
Bc4 Nxf4 33. Nxf4 Bxf4 34. Rb1 Ra3 35. Bb3 Rd8 36. Kg2 Ra5 37. Rd3 Kf8 38.
Rbd1 h5 39. Rf3 g5 40. Rfd3 Rd6 41. d5 e5 42. Rc3 h4 43. Rc7 Kg7 44. Re1
Rb5 45. Re4 Rbb6 46. Ra4 Bd2 47. Raa7 Rf6 48. d6 Rbxd6 49. Bxf7 Ba5 50.
Rxa5 Rxf7 51. Rxf7+ Kxf7 52. Rxe5 Kf6 53. Ra5 Rd3 54. a4 Ra3 55. Ra8 1-0

[Event "45th Olympiad 2024"]
[Site "Budapest HUN"]
[Date "2024.09.18"]
[Round "7.50"]
[White "Mejias Nunez, Rafael E."]
[Black "Mushore, Emarald Takudzwa"]
[Result "0-1"]
[WhiteElo "2026"]
[BlackElo "2150"]
[TimeControl "40/5400+30:1800_30\""]
[EventDate "2024.09.11"]
[Board "4"]
[WhiteFideId "3105873"]
[BlackFideId "11309504"]
[WhiteTeam "Puerto Rico"]
[BlackTeam "Zimbabwe"]

1. e4 e5 2. Nf3 Nc6 3. Bb5 a6 4. Ba4 Nf6 5. d3 b5 6. Bb3 Be7 7. Nbd2 O-O 8.
O-O Bb7 9. a4 h6 10. Re1 Re8 11. Nf1 Bf8 12. c3 d5 13. Qe2 Na5 14. Bc2 dxe4
15. dxe4 Nc4 16. Ng3 Nd6 17. h3 c5 18. Nh2 Qc8 19. Ng4 Nxg4 20. hxg4 f6 21.
Nf5 c4 22. Bd2 Qc6 23. Qf3 Rad8 24. axb5 axb5 25. Nxd6 Rxd6 26. Be3 Red8
27. Qe2 Bc8 28. Ra7 Be6 29. Rea1 Qc8 30. f3 R6d7 31. Rxd7 Rxd7 32. Rd1 Qd8
33. Rxd7 Qxd7 34. Qd2 Qxd2 35. Bxd2 Bc5+ 36. Kf1 Kf7 37. Ke2 Ke7 38. Bd1
Kd7 39. Bc2 Kc6 40. Bd1 Kb7 41. Bc2 Ka6 42. Be3 Bd6 43. Bd2 Ka5 44. Be1 b4
45. cxb4+ Bxb4 46. Bxb4+ Kxb4 47. Kd2 Bd7 48. Bd1 Ba4 49. Be2 g6 50. g3 g5
51. Ke3 Bb5 52. Bd1 c3 53. bxc3+ Kxc3 54. f4 Bd7 55. Be2 Kc2 56. f5 Ba4 57.
Ba6 Kc3 58. Be2 Bb3 59. Bf3 Bc4 60. Bd1 Bb5 61. Bf3 Kc2 62. Bg2 Kd1 63. Bh1
Be2 64. Bg2 Ke1 65. Bh3 Kd1 66. Bg2 Bxg4 67. Bf1 Ke1 68. Bb5 h5 69. Bc4 h4
70. gxh4 gxh4 71. Be2 Bh3 72. Bf3 Bf1 73. Bh1 Be2 74. Bg2 Bg4 75. Bh1 h3
76. Bf3 h2 77. Bg2 Be2 78. Bh1 Kf1 79. Kd2 Kf2 0-1

[Event "45th Olympiad 2024"]
[Site "Budapest HUN"]
[Date "2024.09.18"]
[Round "7.51"]
[White "Allam, Mohamed"]
[Black "Miguel, Sergio"]
[Result "0-1"]
[WhiteElo "2053"]
[BlackElo "2241"]
[TimeControl "40/5400+30:1800_30\""]
[EventDate "2024.09.11"]
[Board "1"]
[WhiteFideId "11501731"]
[BlackFideId "10100792"]
[WhiteTeam "Palestine"]
[BlackTeam "Angola"]

1. d4 Nf6 2. c4 e6 3. Nc3 Bb4 4. e3 O-O 5. a3 Bxc3+ 6. bxc3 b6 7. Bd3 Bb7
8. f3 Nc6 9. e4 e5 10. Ne2 d6 11. Bg5 Nb8 12. Ng3 h6 13. Be3 Re8 14. Qd2
Nh7 15. O-O Nd7 16. f4 Ndf6 17. fxe5 dxe5 18. d5 Ng4 19. Nf5 Bc8 20. c5
Bxf5 21. Rxf5 Nxe3 22. Qxe3 Qe7 23. Bb5 Red8 24. cxb6 axb6 25. a4 Nf8 26.
Raf1 f6 27. Qg3 Kh7 28. h4 Nd7 29. h5 Nc5 30. Ra1 Kh8 31. Bc6 Nxe4 32. Qg4
Nd6 33. Rf3 Ra5 34. Qe6 Qxe6 35. dxe6 e4 36. e7 Rg8 37. Re3 f5 38. g4 fxg4
39. Rxe4 Nxe4 40. e8=Q Rxe8 41. Bxe8 Nf6 42. Bg6 Kg8 43. Kg2 Nxh5 44. Rf1
Nf6 45. Rd1 Rd5 46. Re1 Rg5 47. Bc2 Kf7 48. Bb3+ Kf8 49. Re3 h5 50. Rd3 h4
51. Bd1 Rd5 52. Rxd5 Nxd5 53. Kh2 Nxc3 54. Bxg4 Nxa4 55. Kh3 g5 56. Bd7 Nc3
57. Kg4 Ke7 0-1

[Event "45th Olympiad 2024"]
[Site "Budapest HUN"]
[Date "2024.09.18"]
[Round "7.51"]
[White "Sapalo, Gabriel"]
[Black "Seder, Mohammed"]
[Result "1/2-1/2"]
[WhiteElo "2058"]
[BlackElo "2116"]
[TimeControl "40/5400+30:1800_30\""]
[EventDate "2024.09.11"]
[Board "2"]
[WhiteFideId "10100717"]
[BlackFideId "11505567"]
[WhiteTeam "Angola"]
[BlackTeam "Palestine"]

1. d4 Nf6 2. Nf3 d5 3. c4 e6 4. Nc3 Bb4 5. Qb3 a5 6. a3 Be7 7. Bg5 c6 8. e3
O-O 9. Bd3 dxc4 10. Bxc4 b5 11. Bd3 Nbd7 12. O-O Ba6 13. Rfd1 Qb6 14. Ne5
Qc7 15. Qc2 Nxe5 16. dxe5 Qxe5 17. Bxh7+ Kh8 18. Bf4 Qc5 19. Bd3 Nd5 20.
Nxd5 Qxc2 21. Bxc2 cxd5 22. Bd3 Bf6 23. Rd2 Rfc8 24. f3 Rc5 25. g4 g5 26.
Bg3 Rac8 27. Kg2 Bb7 28. h4 gxh4 29. Bxh4 Kg7 30. Rh1 b4 31. axb4 axb4 32.
Bg3 b3 33. g5 Bxg5 34. Be5+ f6 35. Rh7+ Kg8 36. Rxb7 Rc2 37. Re2 Rxe2+ 38.
Bxe2 Rc2 39. Kf1 Rc1+ 40. Kf2 fxe5 41. Rxb3 Rh1 42. Bf1 Kg7 43. Kg2 Rh4 44.
Bb5 Kf6 45. Bd7 Ke7 46. Bb5 Kf6 47. Bd7 Rh7 48. Be8 Re7 49. Bh5 Ra7 50. Bg4
Ra6 51. Kg3 Bh6 52. Kf2 Rc6 53. Ke2 Bg5 54. Rb8 Rc2+ 55. Kd3 Rg2 56. Rb6
e4+ 57. Kc3 Bxe3 58. Rxe6+ Kf7 59. Re5 Bh6 60. Bh5+ Kf8 61. Re8+ Kg7 62.
fxe4 d4+ 63. Kxd4 Rxb2 64. e5 Bg5 65. Kd5 Rh2 66. Bg4 Kf7 67. Ra8 Rd2+ 68.
Ke4 Be7 69. Ra7 Rf2 70. Bh5+ Kf8 71. Kd5 Rf5 72. Bg4 Rg5 73. Be6 Rg6 74.
Ra8+ Kg7 75. Rg8+ Kh6 76. Re8 Rg7 77. Bf5 Kg5 78. Bd7 Bb4 79. Be6 Be7 80.
Bg8 Bb4 81. e6 Rc7 82. Bf7 Rc5+ 83. Kd4 Rc7 84. Rb8 Be7 85. Be8 Kf6 86. Bd7
Rc1 1/2-1/2

[Event "45th Olympiad 2024"]
[Site "Budapest HUN"]
[Date "2024.09.18"]
[Round "7.51"]
[White "Michel Yunis, Christian D."]
[Black "Silva, David"]
[Result "0-1"]
[WhiteElo "2220"]
[BlackElo "2363"]
[TimeControl "40/5400+30:1800_30\""]
[EventDate "2024.09.11"]
[Board "3"]
[WhiteFideId "3400085"]
[BlackFideId "10101314"]
[WhiteTeam "Palestine"]
[BlackTeam "Angola"]

1. d4 Nf6 2. Nf3 g6 3. c4 Bg7 4. Nc3 O-O 5. g3 d6 6. Bg2 c6 7. O-O Qa5 8.
e4 e5 9. Re1 Bg4 10. Be3 Nbd7 11. h3 exd4 12. Bxd4 Be6 13. Bf1 Ne5 14. Nxe5
dxe5 15. Be3 Rfe8 16. a3 Qc7 17. Qa4 h5 18. f3 Nh7 19. Rac1 Qe7 20. Bg2 h4
21. g4 Ng5 22. Kh1 Red8 23. Rcd1 Rd7 24. Bf2 Nh7 25. Rxd7 Bxd7 26. Qb4 Qxb4
27. axb4 Bf8 28. b5 Be6 29. Bf1 Ng5 30. Kg2 Be7 31. Ra1 Rd8 32. bxc6 bxc6
33. Rxa7 Bf6 34. Be3 Rb8 35. Nd1 Bc8 36. b4 Ne6 37. b5 Nd4 38. Nc3 Be6 39.
Kf2 Bd8 40. Bxd4 exd4 41. Na4 cxb5 42. cxb5 Bb3 43. Bd3 Kg7 44. f4 Rc8 45.
Ke2 Rc1 46. b6 Rc6 47. b7 Bc7 48. Bb5 Rc1 49. e5 Rb1 50. Bc6 g5 51. fxg5
Bxe5 52. Ra8 Bc4+ 53. Kd2 d3 54. Rd8 Ba6 55. Nc5 Bf4+ 56. Kc3 Rc1+ 57. Kb4
Rc4+ 58. Ka5 Rxc5+ 59. Kxa6 Rxc6+ 60. Kb5 Rc3 61. Kb4 Rc1 0-1

[Event "45th Olympiad 2024"]
[Site "Budapest HUN"]
[Date "2024.09.18"]
[Round "7.51"]
[White "Domingos, Catarino"]
[Black "Abdel Wahab, Ahmad"]
[Result "0-1"]
[WhiteElo "2229"]
[BlackElo "1995"]
[TimeControl "40/5400+30:1800_30\""]
[EventDate "2024.09.11"]
[Board "4"]
[WhiteFideId "10100253"]
[BlackFideId "11500719"]
[WhiteTeam "Angola"]
[BlackTeam "Palestine"]

1. Nf3 d5 2. g3 Nf6 3. Bg2 c5 4. O-O h6 5. c4 d4 6. b4 cxb4 7. a3 b3 8.
Qxb3 Nc6 9. d3 e5 10. Nbd2 Bd6 11. Qc2 O-O 12. Rb1 Qe7 13. a4 Nb4 14. Qb3
a5 15. Ba3 Bc5 16. Ra1 Bd7 17. Ne1 Bc6 18. Bb2 e4 19. dxe4 Nxe4 20. Ndf3
Rad8 21. Nd3 Rfe8 22. Rfd1 Nc3 23. Bxc3 dxc3 24. Qxc3 Bxf3 25. Nxc5 Rxd1+
26. Rxd1 Bxg2 27. Kxg2 Qxc5 28. e3 Qc6+ 29. Kg1 Qxa4 30. Ra1 Qc6 31. Rxa5
Rd8 32. Ra1 Na6 33. Qa5 Rd7 34. Qf5 Rd6 35. Qe5 Rd2 36. Qf4 Rc2 37. Rd1
Rxc4 38. Rd8+ Kh7 39. Qf5+ Qg6 40. Qf3 Qb1+ 41. Kg2 Qe4 42. Rd7 Qxf3+ 43.
Kxf3 Rc7 44. Rd6 Nc5 45. h4 b5 46. Rd4 Rb7 47. Rb4 Na6 48. Rb2 b4 0-1